| 000 | 00466nam a22001817a 4500 | ||
|---|---|---|---|
| 003 | CEME | ||
| 005 | 20210628202619.0 | ||
| 008 | 210210b xxu||||| |||| 00| 0 eng d | ||
| 020 | _a0-521-58687-9 | ||
| 040 | _c. | ||
| 082 | _a621.381 JON | ||
| 100 |
_aJones, Len _960734 |
||
| 245 | _aBasic electronics for tomorrow's world | ||
| 260 |
_aNEW YORK _bCAMBRIDGE UNIVERSITY PRESS _c1996 |
||
| 300 | _a253P | ||
| 650 |
_aBASIC ELECTRONICS _956078 |
||
| 942 |
_cBK _2ddc |
||
| 999 |
_c570393 _d570393 |
||